LEADER 01133cam a2200265 a 4500 001 991003316529707536 008 080206t2000 it b 001 0 ita d 020 $a9788822041593 035 $ab13668262-39ule_inst 040 $aSet. Economia$bita 082 $a338.94575 100 1 $aBianchi, Ornella$0248962 245 12$aL'impresa agro-industriale :$buna economia urbana e rurale tra 19. e 20. secolo /$cOrnella Bianchi 260 $aBari :$bDedalo,$cc2000 300 $a177 p. ;$c21 cm 504 $aInclude bibliografia e indice 651 4$aPuglia$xCondizioni economiche e sociali$ySec. 19.- 20. 651 4$aItalia meridionale$xCondizioni economiche$ySec. 20. 907 $a.b13668262$b28-01-14$c06-02-08 912 $a991003316529707536 945 $aLE025 ECO 338.9 BIA01.01$g1$i2025000116818$lle025$op$pE15.00$q-$rl$s- $t0$u4$v1$w4$x0$y.i1468309x$z29-02-08 945 $aLE025 ECO 338.9 BIA01.01$g2$i2025000225633$lle025$nProgetto 2009$o-$pE15.49$q-$rl$s- $t0$u4$v3$w4$x0$y.i14959598$z27-04-09 996 $aImpresa agro-industriale$91213632 997 $aUNISALENTO 998 $ale025$b06-02-08$cm$da $e-$fita$git $h2$i0